Memoria acerca de la información agraria en ambas Castillas, encomendada a este centro por Real Orden de 25 de junio de 1904 / (Record no. 23550)

MARC details
000 -LEADER
campo de control de longitud fija 01022nam a2200229 i 4500
001 - NÚMERO DE CONTROL
campo de control 23550
003 - IDENTIFICADOR DE NÚMERO DE CONTROL
campo de control ES-MaACL
005 - FECHA Y HORA DE LA ÚLTIMA TRANSACCIÓN
campo de control 20250831123108.0
007 - CAMPO FIJO DE DESCRIPCIÓN FÍSICA--INFORMACIÓN GENERAL
campo de control de longitud fija t|
008 - DATOS DE LONGITUD FIJA--INFORMACIÓN GENERAL
campo de control de longitud fija 021211s1904 sp |||| | spa d
100 1# - ENTRADA PRINCIPAL--NOMBRE DE PERSONA
Nombre de persona Buylla y González Alegre, Adolfo A.,
Fechas asociadas al nombre 1850-1927
9 (RLIN) 32991
245 10 - MENCIÓN DEL TÍTULO
Título Memoria acerca de la información agraria en ambas Castillas, encomendada a este centro por Real Orden de 25 de junio de 1904 /
Mención de responsabilidad, etc. redactada por Adolfo A. Buylla y G. Alegre.
260 ## - PUBLICACIÓN, DISTRIBUCIÓN, ETC.
Lugar de publicación, distribución, etc. Madrid :
Nombre del editor, distribuidor, etc. [s.n.],
Fecha de publicación, distribución, etc. 1904 (
Fabricante Impr. de la Sucesora de M. Minuesa de los Ríos)
300 ## - DESCRIPCIÓN FÍSICA
Extensión 205 p. ;
Dimensiones 23 cm.
500 ## - NOTA GENERAL
Nota general Precede al tit.: Instituto de Reformas Sociales, Sección 3ª.
530 ## - NOTA DISPONIBLE DE FORMULARIO FÍSICO ADICIONAL
Nota de formato físico adicional disponible Disponible en formato digital.
650 #4 - PUNTO DE ACCESO ADICIONAL DE MATERIA--TÉRMINO DE MATERIA
Término de materia o nombre geográfico como elemento de entrada Agricultura-
Subdivisión geográfica Castilla-
Subdivisión de forma Historia.
9 (RLIN) 151814
710 2# - ENTRADA AGREGADA--NOMBRE DE ENTIDAD CORPORATIVA
Nombre de entidad corporativa o nombre de jurisdicción como elemento de entrada Instituto de Reformas Sociales (España)
9 (RLIN) 5000
852 ## - LOCALIZACIÓN
Ubicación ES-MaACL
Número de control de estantería T-1036-F-14
856 ## - LOCALIZACIÓN Y ACCESO ELECTRÓNICOS
Identificador Uniforme de Recursos <a href="http://bibliotecadigital.jcyl.es/i18n/consulta/registro.cmd?id=6227">http://bibliotecadigital.jcyl.es/i18n/consulta/registro.cmd?id=6227</a>
Nota pública Biblioteca Digital de Castilla y León
Holdings
Estatus retirado Estado de pérdida Estado de daño No para préstamo Colección Biblioteca de origen Biblioteca actual Ubicación en estantería Fecha de adquisición Fuente de adquisición Total de préstamos Signatura topográfica completa Código de barras Visto por última vez Precio de reemplazo Tipo de ítem Koha
        Colección de folletos Biblioteca del Ateneo de Madrid Biblioteca del Ateneo de Madrid Depósito folletos 17/01/2008     T-1036-F-14 1024267 23/02/2023 23/02/2023 Folleto